<?xml version="1.0" encoding="UTF-8"?>
<collection xmlns="http://www.loc.gov/MARC21/slim">
 <record>
  <leader>01395nam a2200301   4500</leader>
  <controlfield tag="001">36919</controlfield>
  <controlfield tag="003">BD-DhAAL</controlfield>
  <controlfield tag="005">20211111131628.0</controlfield>
  <controlfield tag="008">200114t2017    bg ad||| |||| 00| 0 ben d</controlfield>
  <datafield tag="999" ind1=" " ind2=" ">
   <subfield code="c">41721</subfield>
   <subfield code="d">41721</subfield>
  </datafield>
  <datafield tag="020" ind1=" " ind2=" ">
   <subfield code="a">9789849216445</subfield>
  </datafield>
  <datafield tag="040" ind1=" " ind2=" ">
   <subfield code="a">BD-DhAAL</subfield>
  </datafield>
  <datafield tag="041" ind1=" " ind2=" ">
   <subfield code="a">ben</subfield>
  </datafield>
  <datafield tag="082" ind1=" " ind2=" ">
   <subfield code="a">005.133</subfield>
   <subfield code="2">23</subfield>
  </datafield>
  <datafield tag="100" ind1=" " ind2=" ">
   <subfield code="a">রহমান, আ ন ম বজলুর </subfield>
   <subfield code="9">38944</subfield>
  </datafield>
  <datafield tag="245" ind1=" " ind2=" ">
   <subfield code="a">জাভা প্রোগ্রামিং /</subfield>
   <subfield code="c">আ ন ম বজলুর রহমান</subfield>
  </datafield>
  <datafield tag="246" ind1=" " ind2=" ">
   <subfield code="a">Java programming</subfield>
  </datafield>
  <datafield tag="260" ind1=" " ind2=" ">
   <subfield code="a">ঢাকা :</subfield>
   <subfield code="b">দ্বিমিক প্রকাশনী,</subfield>
   <subfield code="c">২০১৭</subfield>
  </datafield>
  <datafield tag="300" ind1=" " ind2=" ">
   <subfield code="a">৪৬৪ পৃষ্ঠা ;</subfield>
   <subfield code="c">২৪ সে.মি.</subfield>
  </datafield>
  <datafield tag="526" ind1=" " ind2=" ">
   <subfield code="a">CSE</subfield>
  </datafield>
  <datafield tag="541" ind1=" " ind2=" ">
   <subfield code="a">Book Finder International</subfield>
   <subfield code="e">36919, 36920</subfield>
  </datafield>
  <datafield tag="650" ind1=" " ind2=" ">
   <subfield code="a">Java (Computer program language).</subfield>
   <subfield code="9">38945</subfield>
  </datafield>
  <datafield tag="650" ind1=" " ind2=" ">
   <subfield code="a">Computer programming.</subfield>
   <subfield code="9">38946</subfield>
  </datafield>
  <datafield tag="650" ind1=" " ind2=" ">
   <subfield code="a">Computer science</subfield>
   <subfield code="9">42577</subfield>
  </datafield>
  <datafield tag="852" ind1=" " ind2=" ">
   <subfield code="a">Ayesha Abed Library</subfield>
   <subfield code="b">General Stacks</subfield>
  </datafield>
  <datafield tag="942" ind1=" " ind2=" ">
   <subfield code="2">ddc</subfield>
   <subfield code="c">BK</subfield>
  </datafield>
  <datafield tag="952" ind1=" " ind2=" ">
   <subfield code="0">0</subfield>
   <subfield code="1">0</subfield>
   <subfield code="2">ddc</subfield>
   <subfield code="4">0</subfield>
   <subfield code="6">005_133000000000000_RAH</subfield>
   <subfield code="7">0</subfield>
   <subfield code="9">67651</subfield>
   <subfield code="a">BRACUL</subfield>
   <subfield code="b">BRACUL</subfield>
   <subfield code="c">GEN</subfield>
   <subfield code="d">2020-01-02</subfield>
   <subfield code="e">Book Finder International</subfield>
   <subfield code="g">450.00</subfield>
   <subfield code="l">17</subfield>
   <subfield code="m">131</subfield>
   <subfield code="o">005.133 RAH</subfield>
   <subfield code="p">3010036919</subfield>
   <subfield code="q">2026-05-07</subfield>
   <subfield code="r">2026-04-23</subfield>
   <subfield code="s">2026-04-23</subfield>
   <subfield code="t">1</subfield>
   <subfield code="v">450.00</subfield>
   <subfield code="w">2020-01-02</subfield>
   <subfield code="y">BK</subfield>
  </datafield>
  <datafield tag="952" ind1=" " ind2=" ">
   <subfield code="0">0</subfield>
   <subfield code="1">0</subfield>
   <subfield code="2">ddc</subfield>
   <subfield code="4">0</subfield>
   <subfield code="6">005_133000000000000_RAH</subfield>
   <subfield code="7">0</subfield>
   <subfield code="9">67652</subfield>
   <subfield code="a">BRACUL</subfield>
   <subfield code="b">BRACUL</subfield>
   <subfield code="c">GEN</subfield>
   <subfield code="d">2020-01-02</subfield>
   <subfield code="e">Book Finder International</subfield>
   <subfield code="g">450.00</subfield>
   <subfield code="l">11</subfield>
   <subfield code="m">134</subfield>
   <subfield code="o">005.133 RAH</subfield>
   <subfield code="p">3010036920</subfield>
   <subfield code="r">2026-02-02</subfield>
   <subfield code="s">2025-07-13</subfield>
   <subfield code="t">2</subfield>
   <subfield code="v">450.00</subfield>
   <subfield code="w">2020-01-02</subfield>
   <subfield code="y">BK</subfield>
  </datafield>
 </record>
</collection>
